| 000 | 01567nam a2200229Ia 4500 | ||
|---|---|---|---|
| 003 | Ost | ||
| 005 | 20260507075004.0 | ||
| 008 | 260507s9999||||xx |||||||||||||| ||und|| | ||
| 020 | _a9774100816 | ||
| 040 | _cfsecg | ||
| 041 | _aara | ||
| 082 | _a519.72 | ||
| 100 |
_aغنيم، احمد محمد _eمؤلف |
||
| 245 | 0 |
_aالأساليب الكمية : _bالمفاهيم العلمية والتطبيقات الإدارية -الجزء الأول- / _c احمد محمد غنيم |
|
| 260 |
_aالقاهرة: _bالمكتبة العصرية, _c2007 |
||
| 300 |
_a542 صفحة؛ _bإيضاحات ؛ _c24 سم |
||
| 520 | _aيحتوي هذا الكتاب على:نظرية القرار،البرمجة الخطية، تحليل الحساسية،اسلوب النقل، نموذج التخصيص،برمجة الأهداف، البرمجة غير الخطية، البرمجة الإحتمالية، البرمجة بالأعداد الصحيحة،البرمجة البارامترية، البرمجة الديناميكية، أسلوب تحليل المدخلات و المخرجات، أسلوب ماركوف، نماذج شبكات الأعمال،أسلوبي تقييم و مراجعة البرامج و المسار الحرج، أسلوب تحليل المنافع و التكاليف،نظرية المباريات،نظرية صفوف الإنتظار، أسلوب المحاكاة. | ||
| 653 | _aالإحصاء - المعاملات الإرتباطية | ||
| 653 | _aالبرمجة | ||
| 653 | _aالبرمجة الخطية | ||
| 942 | _cكتاب | ||
| 999 |
_c42100 _d42100 |
||